01425cam a2200241Ia 4500003000600000005001700006008004100023020001800064035018300082040005000265041000800315060002300323100002400346245005100370250001200421260006300433300003900496505053600535650004001071650002501111650002801136650001901164OCoLC20180118154108.0171116s2006 xxua rb 001 0 eng d a9781405104784 a(OCoLC)244247020z(OCoLC)184983277z(OCoLC)230191091z(OCoLC)294880922z(OCoLC)505091937z(OCoLC)646751526z(OCoLC)781375721z(OCoLC)961526271z(OCoLC)962723885z(OCoLC)991916720 aCO-BoUCMbspacSandra PalaciodSandra Palacio0 aeng 4aWG 330bF656e 20061 aFogoros, Richard N.10aElectrophysiologic testingcRichard N. Fogoros a4th ed. aMassachusetts (Estados Unidos)bBlackwell Publishingc2006 aviii, 296 páginasbilustraciones0 aThe cardiac electrical system -- Abnormal heart rhythms -- Treatment of arrhythmias -- Principles of the electrophysiology study -- The electrophysiology study in the evaluation of the SA node, AV node and His-Purkinje system -- The electrophysiology study in the evaluation of supraventricular tachyarrhythmias -- The electrophysiology study in the evaluation and treatment of ventricular arrhythmias -- Transcatheter ablation -- Cardiac resynchronization -- The evaluation of syncope -- Electrophysiologic testing in perspective.17aArritmias cardiacas xDiagnóstico27aElectrofisiología 27aEnfermedades cardiacas 27aCardiología